<?xml version="1.0" encoding="UTF-8"?>
<collection xmlns="http://www.loc.gov/MARC21/slim">
 <record>
  <leader>00834nam a22001931  4500</leader>
  <controlfield tag="001">1/49707</controlfield>
  <controlfield tag="008">970328s1995    gr            001 0 gre d</controlfield>
  <datafield tag="020" ind1=" " ind2=" ">
   <subfield code="a">96030123335</subfield>
  </datafield>
  <datafield tag="035" ind1=" " ind2=" ">
   <subfield code="l">10679</subfield>
  </datafield>
  <datafield tag="040" ind1=" " ind2=" ">
   <subfield code="a">GR-PeUP</subfield>
  </datafield>
  <datafield tag="082" ind1="0" ind2="0">
   <subfield code="a">346.082 ΨΥ.</subfield>
  </datafield>
  <datafield tag="100" ind1="1" ind2=" ">
   <subfield code="a">Ψυχομάνης, Σπύρος Δ.</subfield>
  </datafield>
  <datafield tag="245" ind1="1" ind2="0">
   <subfield code="a">Τραπεζικό δίκαιο.Δίκαιο τραπεζικών συμβάσεων /</subfield>
   <subfield code="c">Σπύρου Δ. Ψυχομάνη.</subfield>
  </datafield>
  <datafield tag="260" ind1=" " ind2=" ">
   <subfield code="a">Θεσσαλονίκη:</subfield>
   <subfield code="b">Σάκκουλας,</subfield>
   <subfield code="c">1995.</subfield>
  </datafield>
  <datafield tag="300" ind1=" " ind2=" ">
   <subfield code="a">367σ.;</subfield>
   <subfield code="c">23εκ.</subfield>
  </datafield>
  <datafield tag="500" ind1=" " ind2=" ">
   <subfield code="a">Βιβλιογραφία.</subfield>
  </datafield>
  <datafield tag="650" ind1=" " ind2="4">
   <subfield code="a">Τράπεζες και τραπεζικές εργασίες.</subfield>
  </datafield>
  <datafield tag="650" ind1=" " ind2="4">
   <subfield code="a">Τραπεζικό δίκαιο.</subfield>
  </datafield>
  <datafield tag="852" ind1=" " ind2=" ">
   <subfield code="a">INST</subfield>
   <subfield code="b">UNIPILB</subfield>
   <subfield code="c">MAIN</subfield>
   <subfield code="e">20040709</subfield>
   <subfield code="h">346.082 ΨΥ.</subfield>
   <subfield code="p">00125940</subfield>
   <subfield code="q">00125940</subfield>
   <subfield code="t">LOAN</subfield>
   <subfield code="v">τ.Τόμος Ι:</subfield>
   <subfield code="y">0</subfield>
   <subfield code="z">τ.Τόμος Ι</subfield>
   <subfield code="4">1</subfield>
  </datafield>
 </record>
</collection>
